Sledujú ich milióny, aj keď nie sú skutoční. Kto sú virtuálni influenceri

Použitie vizualizácie na vytvorenie virtuálnych influencerov a ich využitie v marketingu.

Gespeichert in:
Bibliographische Detailangaben
1. Verfasser: Kuchta, Martin, 1990-
Format: Buchkapitel
Sprache:Slowakisch
Schlagworte:
Tags: Tag hinzufügen
Keine Tags, Fügen Sie das erste Tag hinzu!

MARC

LEADER 00000naa a2200000 4500
001 0263220
005 20240502074159.1
041 0 |a slo 
044 |a SK 
245 1 0 |a Sledujú ich milióny, aj keď nie sú skutoční. Kto sú virtuálni influenceri  |c Martin Kuchta 
520 |a Použitie vizualizácie na vytvorenie virtuálnych influencerov a ich využitie v marketingu. 
610 2 0 |a technológie informačné 
610 2 0 |a technológie komunikačné 
610 2 0 |a internet 
610 2 0 |a siete sociálne 
100 1 |a Kuchta, Martin, 1990-